| 000 | 00000nam##2200000za#4500 |
| 001 | 9.641298 |
| 003 | CaOODSP |
| 005 | 20210624223137 |
| 007 | cr ||||||||||| |
| 008 | 150407|2007||||xxc|||||o f|0| 0 fre|d |
| 040 | |aCaOODSP|bfre |
| 043 | |an-cn--- |
| 086 | 1 |aM114-29/2007F-PDF |
| 110 | 1 |aCanada. |bRessources naturelles Canada. |
| 245 | 10|aManuel pour les développeurs de l'ICDG : |h[ressource électronique]|bproduire et publier l'information, les données et les services géographiques / |c[par] Secrétariat de GéoConnexions. |
| 260 | |aOttawa - Ontario : |bRessources naturelles Canada |cNovembre 2007. |
| 300 | |a320p.|bfigures, graphiques, tableaux |
| 590 | |a13-03-Supp|b2013-02-11 |
| 691 | 07|aDéveloppement de produit|2gcpds |
| 691 | 07|aGéomatique|2gcpds |
| 775 | 08|tA developers' guide to the CGDI : |w(CaOODSP)9.697237 |
| 856 | 40|ahttp://publications.gc.ca|qPDF|s17.46 Mo|uhttps://publications.gc.ca/collections/collection_2013/rncan-nrcan/M114-29-2007-fra.pdf |